[Event "EU-ch U12 Girls"]
[Site "Bratislava"]
[Date "2019.08.06"]
[Round "5"]
[White "Arora, Tashika"]
[Black "Abramova, Sofya"]
[Result "1-0"]
[WhiteElo "1447"]
[BlackElo "1279"]
[PlyCount "107"]
[EventDate "2019.08.02"]
[EventType "swiss"]
[EventRounds "9"]
[EventCountry "SVK"]
[SourceTitle "EXT 2020"]
[Source "ChessBase"]
[SourceDate "2019.10.17"]
[SourceVersion "1"]
[SourceVersionDate "2019.10.17"]
[SourceQuality "1"]

1. d4 d5 2. Nf3 Nf6 3. Bf4 c5 4. e3 Nc6 5. Be2 cxd4 6. exd4 Bf5 7. 0-0 e6 8. c4 Be7 9. Nc3 dxc4 10. Bxc4 0-0 11. d5 exd5 12. Nxd5 Nxd5 13. Bxd5 Rc8 14. Rc1 Qd7 15. Bxc6 Rxc6 16. Rxc6 Qxc6 17. Nd4 Qf6 18. Nxf5 Qxf5 19. Be3 a6 20. Qb3 Qd7 21. Rd1 Qc6 22. Rc1 Qd7 23. Qc4 Bd6 24. g3 Bb8 25. Kg2 h6 26. b3 Re8 27. a3 Rd8 28. b4 Re8 29. Rc2 Qe7 30. a4 Bd6 31. b5 axb5 32. axb5 Bb8 33. b6 Kh7 34. Qd3+ Kg8 35. Rd2 Kh8 36. Qd7 Kh7 37. Qf5+ g6 38. Qd7 h5 39. Bc5 Qe6 40. Qxb7 Rc8 41. Rd7 Rxc5 42. Rxf7+ Kh6 43. Rh7+ Kg5 44. h4+ Kf6 45. Qg7+ Kf5 46. Qf8+ Qf6 47. Qxc5+ Be5 48. Qc2+ Ke6 49. Qc8+ Kd5 50. Rd7+ Bd6 51. b7 Qe6 52. Rxd6+ Qxd6 53. b8Q Qf6 54. Qd7+ 1-0

[Event "EU-ch U12 Girls"]
[Site "Bratislava"]
[Date "2019.08.04"]
[Round "3"]
[White "Dubovik, Maria"]
[Black "Abramova, Sofya"]
[Result "1-0"]
[WhiteElo "1504"]
[BlackElo "1279"]
[PlyCount "49"]
[EventDate "2019.08.02"]
[EventType "swiss"]
[EventRounds "9"]
[EventCountry "SVK"]
[SourceTitle "EXT 2020"]
[Source "ChessBase"]
[SourceDate "2019.10.17"]
[SourceVersion "1"]
[SourceVersionDate "2019.10.17"]
[SourceQuality "1"]

1. e4 c5 2. Nf3 e6 3. d4 cxd4 4. Nxd4 Nc6 5. Nc3 a6 6. Be3 Bb4 7. Nxc6 bxc6 8. Bd3 h6 9. 0-0 Nf6 10. e5 Bxc3 11. bxc3 Nd5 12. Bc5 Ne7 13. Qg4 0-0 14. Qe4 g6 15. Qh4 Nf5 16. Qh3 Re8 17. Bxf5 exf5 18. Qxh6 Qa5 19. Be3 Qxc3 20. Bg5 Qxe5 21. Rae1 Qxe1 22. Bf6 Qxf1+ 23. Kxf1 Re1+ 24. Kxe1 Bb7 25. Qh8# 1-0